[Event "3.Nord-West-Cup"]
[Site "?"]
[Date "2001.02.03"]
[Round "5"]
[White "Mainka, Romuald"]
[Black "Kiese, Matthias"]
[Result "1-0"]
[WhiteElo "2482"]
[BlackElo "2199"]
[PlyCount "131"]

1. e4 c5 2. Nf3 d6 3. d4 cxd4 4. Nxd4 Nf6 5. Nc3 a6 6. Be2 e5 7. Nb3 Be7 8. O-O
O-O 9. a4 Be6 10. f4 Qc7 11. Kh1 exf4 12. Bxf4 Nbd7 13. Nd4 Rfe8 14. Nf5 Ne5
15. Nxe7+ Qxe7 16. Bg5 Ned7 17. Qd4 Rac8 18. Rad1 h6 19. Bh4 Rc6 20. Qb4 Rb6
21. Qa3 Qf8 22. Rd4 Ng4 23. a5 Rc6 24. Qb4 Ne3 25. Rc1 b5 26. axb6 Rxb6 27. Qa3
Rc6 28. Bf2 Nc4 29. Bxc4 Bxc4 30. Rcd1 Nf6 31. Bg3 Ng4 32. Rxd6 Rec8 33. Rxc6
Rxc6 34. Qa5 Qc5 35. Qxc5 Rxc5 36. h3 Nf6 37. e5 Nh5 38. Bh2 g5 39. Kg1 Be6 40.
Rd4 Ng7 41. g4 Kh7 42. Kf2 Kg6 43. Ke3 h5 44. Kd3 hxg4 45. hxg4 Ne8 46. b3 Nc7
47. Ne4 Rd5 48. Nf6 Rxd4+ 49. Kxd4 Bc8 50. c4 Ne6+ 51. Kd5 Bb7+ 52. Kd6 Nd4 53.
b4 Bf3 54. Bg1 Ne2 55. Be3 Nc3 56. c5 Nb5+ 57. Kd7 Na7 58. Bd4 Nb5 59. Bb2 Na7
60. Kc7 Nc6 61. Bc3 Ne7 62. Kb6 Be2 63. c6 Bf3 64. c7 Be2 65. Kb7 Bf3+ 66. Kxa6
1-0

[Event "3.Nord-West-Cup"]
[Site "?"]
[Date "2001.02.03"]
[Round "5"]
[White "Schmidt, Harald"]
[Black "Jobava, Baadur"]
[Result "0-1"]
[WhiteElo "2227"]
[BlackElo "2480"]
[PlyCount "232"]

1. e4 c5 2. d4 cxd4 3. c3 dxc3 4. Nxc3 Nc6 5. Nf3 e6 6. Bc4 Nf6 7. O-O Qc7 8.
Nb5 Qb8 9. e5 a6 10. exf6 axb5 11. fxg7 Bxg7 12. Bxb5 O-O 13. a4 d5 14. Ra3 Ne7
15. Re1 e5 16. Nh4 Qd6 17. Qh5 Ng6 18. Nf5 Bxf5 19. Qxf5 e4 20. Rd1 Rac8 21.
Rh3 Qe5 22. Rh5 Qxf5 23. Rxf5 d4 24. b3 Rfd8 25. Bc4 Ne5 26. Bb5 d3 27. Bf4 Nc6
28. Be3 Ne7 29. Rg5 f6 30. Rc5 Rxc5 31. Bxc5 Nd5 32. Bc4 f5 33. f3 Be5 34. g4
Kh8 35. Bxd5 Rxd5 36. Bb6 Rd6 37. a5 Bf4 38. Kf2 Rc6 39. gxf5 e3+ 40. Bxe3 Rc2+
41. Kf1 Bxe3 42. Rxd3 Bd2 43. Rd8+ Kg7 44. Rd7+ Kh6 45. Rxb7 Bxa5 46. f6 Bc7
47. b4 Kg6 48. b5 h5 49. f7 Kg7 50. h3 Bg3 51. b6 Rb2 52. f8=Q+ Kxf8 53. Rh7
Rxb6 54. Rxh5 Kf7 55. Rg5 Bd6 56. h4 Rb2 57. h5 Be7 58. Re5 Bf6 59. Ra5 Kg7 60.
Rd5 Bh4 61. Kg1 Kh6 62. Rf5 Bg5 63. Kf1 Be3 64. Ke1 Kg7 65. Kf1 Bd4 66. Rd5 Bb6
67. Rf5 Bd8 68. Re5 Kf6 69. Rc5 Bb6 70. Rd5 Bc7 71. h6 Rh2 72. Rd7 Be5 73. h7
Kg6 74. Kg1 Rh4 75. Kg2 Bg7 76. Kg3 Rc4 77. f4 Kxh7 78. Kg4 Kg6 79. Rd6+ Bf6
80. Ra6 Kf7 81. Ra5 Bc3 82. Ra2 Be5 83. Rf2 Ke6 84. Rf1 Bb2 85. Re1+ Kd5 86.
Re8 Bc1 87. Rf8 Be3 88. Rd8+ Ke4 89. Re8+ Kd3 90. Rf8 Ke2 91. Rf7 Rc8 92. Rg7
Rc1 93. Rb7 Rg1+ 94. Kf5 Kf3 95. Rb3 Ra1 96. Rb5 Ra4 97. Kg5 Ra2 98. Kf5 Bxf4
99. Rb3+ Be3 100. Rb5 Rh2 101. Rb4 Rh5+ 102. Ke6 Bc5 103. Rc4 Ke3 104. Rg4 Bd4
105. Rg3+ Kf4 106. Rg8 Bc5 107. Rg2 Re5+ 108. Kf6 Bd4 109. Kg6 Ra5 110. Rh2
Rg5+ 111. Kf7 Kf5 112. Rh7 Bf6 113. Ke8 Ke5 114. Kd7 Kd5 115. Ke8 Be5 116. Ra7
Rg8+ 0-1

[Event "3.Nord-West-Cup"]
[Site "?"]
[Date "2001.02.03"]
[Round "5"]
[White "Welz, Peter"]
[Black "Tseitlin, Mikhail S"]
[Result "0-1"]
[WhiteElo "2192"]
[BlackElo "2431"]
[PlyCount "64"]

1. e4 c6 2. d4 d5 3. e5 Bf5 4. c4 e6 5. Nc3 Ne7 6. c5 Nd7 7. b4 f6 8. f4 b6 9.
a3 bxc5 10. bxc5 Rb8 11. Nf3 Qa5 12. Bd2 Qc7 13. Be2 Ng6 14. O-O Be7 15. Kh1
O-O 16. Qe1 Rb3 17. Nh4 Nxh4 18. Qxh4 Nxc5 19. dxc5 fxe5 20. Qe1 Bxc5 21. fxe5
Qxe5 22. Bd1 Qxe1 23. Rxe1 Rxa3 24. Rxa3 Bxa3 25. g4 Bg6 26. Rxe6 d4 27. Rxc6
dxc3 28. Bb3+ Kh8 29. Rxc3 Bb4 30. Rc7 Bxd2 31. h4 Be4+ 32. Kh2 Bf4+ 0-1

[Event "3.Nord-West-Cup"]
[Site "?"]
[Date "2001.02.03"]
[Round "5"]
[White "Meins, Gerlef"]
[Black "Tschetschelnizki, Mikhail"]
[Result "1-0"]
[WhiteElo "2426"]
[BlackElo "2139"]
[PlyCount "73"]

1. d4 e6 2. g3 f5 3. Bg2 Nf6 4. Nf3 d5 5. c4 c6 6. Qc2 Bd6 7. Bf4 Bxf4 8. gxf4
O-O 9. Nbd2 Ne4 10. O-O Nd7 11. b4 Ndf6 12. Ne5 Bd7 13. a4 Nxd2 14. Qxd2 a6 15.
e3 Be8 16. Rfc1 Ne4 17. Qb2 Nd6 18. c5 Ne4 19. Bf1 Nf6 20. b5 axb5 21. axb5
Rxa1 22. Rxa1 Ng4 23. Nf3 Bh5 24. bxc6 bxc6 25. Bg2 Be8 26. Qb6 Qc8 27. h3 Nh6
28. Bf1 Nf7 29. Ra7 h6 30. Ba6 Qd8 31. Qxd8 Nxd8 32. Ne5 Nf7 33. Ng6 Nd8 34.
Nxf8 Kxf8 35. h4 Bf7 36. Bc8 Be8 37. Bd7 1-0

[Event "3.Nord-West-Cup"]
[Site "?"]
[Date "2001.02.03"]
[Round "5"]
[White "Khamrakulov, Ibragim S"]
[Black "Fischbach, Harald"]
[Result "1-0"]
[WhiteElo "2359"]
[BlackElo "2220"]
[PlyCount "71"]

1. e4 c5 2. c3 Nf6 3. e5 Nd5 4. Nf3 Nc6 5. d4 cxd4 6. cxd4 e6 7. Bc4 Nb6 8. Bd3
d6 9. a3 dxe5 10. dxe5 Nd5 11. O-O h6 12. Qe2 g6 13. Qe4 Bg7 14. h4 Bd7 15.
Nbd2 Nce7 16. Nc4 Nf5 17. Qg4 h5 18. Qh3 b5 19. Bxf5 bxc4 20. Be4 Rc8 21. Rd1
Qc7 22. Re1 Bc6 23. Nd4 Ne7 24. Bxc6+ Nxc6 25. Nb5 Qa5 26. Nd6+ Kf8 27. Bg5 Rc7
28. Nxc4 Qd5 29. b3 Rd7 30. Ra2 Qb5 31. Rc2 Kg8 32. Nd6 Qa6 33. Ne8 Nd4 34. Rd2
Kh7 35. Nxg7 Kxg7 36. Bf6+ 1-0

[Event "3.Nord-West-Cup"]
[Site "?"]
[Date "2001.02.03"]
[Round "5"]
[White "Tschetschelnizki, Boris"]
[Black "Hermann, Manfred"]
[Result "0-1"]
[WhiteElo "2254"]
[BlackElo "2351"]
[PlyCount "84"]

1. Nf3 d5 2. d4 c6 3. c3 Bf5 4. Bf4 e6 5. e3 Nf6 6. Nbd2 h6 7. Be2 Be7 8. Ne5
Nbd7 9. Nxd7 Nxd7 10. Nf3 O-O 11. Bd3 Bxd3 12. Qxd3 c5 13. Qe2 a6 14. O-O Re8
15. Bg3 Rc8 16. Rfd1 Qb6 17. Rab1 Qa5 18. a3 cxd4 19. Nxd4 b5 20. e4 Nf6 21.
exd5 Nxd5 22. Qf3 Qb6 23. Rbc1 Red8 24. h3 Bf6 25. Qg4 Rc4 26. Qe4 Bxd4 27.
Rxd4 Nxc3 28. Rxc4 Nxe4 29. Rxe4 Rd2 30. b4 Qd8 31. Kh2 Rd1 32. Rc7 Rd4 33. Re3
Rd3 34. Rb7 Rxe3 35. fxe3 Qd3 36. Ra7 Qxa3 37. Bd6 Qxe3 38. Rxa6 e5 39. Ra8+
Kh7 40. Rb8 Qf4+ 41. Kh1 Qd4 42. Bc5 Qd7 0-1

[Event "3.Nord-West-Cup"]
[Site "?"]
[Date "2001.02.03"]
[Round "5"]
[White "Vasiljevic, Dragan"]
[Black "Ohse, Andreas"]
[Result "1-0"]
[WhiteElo "2339"]
[BlackElo "1956"]
[PlyCount "65"]

1. d4 Nf6 2. Nf3 g6 3. c4 Bg7 4. Nc3 d5 5. cxd5 Nxd5 6. e4 Nxc3 7. bxc3 b6 8.
Bc4 O-O 9. O-O Ba6 10. Bxa6 Nxa6 11. Qe2 Qc8 12. Bg5 Qb7 13. e5 e6 14. Nd2 Nb8
15. Ne4 Nd7 16. h4 h6 17. Be7 Rfe8 18. Ba3 f5 19. exf6 Nxf6 20. Nxf6+ Bxf6 21.
h5 Qd5 22. hxg6 Qg5 23. Qe4 Kg7 24. Qc6 Rac8 25. f4 Qxg6 26. Rae1 Kh8 27. Re3
Qc2 28. Rxe6 Bxd4+ 29. cxd4 Qxc6 30. Rxc6 Re2 31. Rf2 Re1+ 32. Kh2 Kg7 33. Bd6
{Rest unleserlich, 1-0 im 48.Zug} 1-0

[Event "3.Nord-West-Cup"]
[Site "?"]
[Date "2001.02.03"]
[Round "5"]
[White "Wolter, Kai"]
[Black "Brinkmann, Georg"]
[Result "1-0"]
[WhiteElo "2286"]
[BlackElo "1931"]
[PlyCount "91"]

1. e4 c5 2. Nf3 a6 3. c4 d6 4. d4 Bg4 5. d5 Nf6 6. Nc3 g6 7. h3 Bxf3 8. Qxf3
Bg7 9. Bd3 Nbd7 10. Qd1 O-O 11. O-O e6 12. Bf4 e5 13. Bd2 Qe7 14. Rb1 Rfb8 15.
a3 Ne8 16. b4 Nc7 17. Qe2 b6 18. Rb2 a5 19. bxc5 bxc5 20. Rfb1 Qf8 21. Qd1 Rxb2
22. Rxb2 f5 23. Rb7 Qc8 24. Qb1 fxe4 25. Nxe4 Ne8 26. Bg5 Kf8 27. Qb5 Ndf6 28.
Bxf6 Bxf6 29. Rxh7 Bg7 30. Ng5 Nc7 31. Qc6 Qd8 32. Qxc7 Qxc7 33. Ne6+ Kg8 34.
Nxc7 Rc8 35. Rxg7+ Kxg7 36. Nb5 Rd8 37. h4 Kf6 38. g3 g5 39. h5 g4 40. h6 Ke7
41. h7 Kf6 42. Kg2 Kg7 43. Bf5 Kh8 44. f3 gxf3+ 45. Kxf3 Rb8 46. Nxd6 1-0

[Event "3.Nord-West-Cup"]
[Site "?"]
[Date "2001.02.03"]
[Round "5"]
[White "Zschischang, Gunnar"]
[Black "Gudat, Alfons"]
[Result "1-0"]
[WhiteElo "2237"]
[BlackElo "2072"]
[PlyCount "65"]

1. Nc3 c5 2. Nf3 Nf6 3. d4 cxd4 4. Nxd4 a6 5. e4 Qc7 6. Bd3 e6 7. O-O Be7 8.
Kh1 d6 9. f4 Nbd7 10. Qe1 b6 11. Be3 Bb7 12. Bg1 h5 13. Nf3 O-O-O 14. Qe2 h4
15. Bxa6 Nh5 16. Bxb7+ Kxb7 17. Be3 Rh7 18. Kg1 Rdh8 19. Qe1 Qc4 20. b3 Qc8 21.
a4 Bf6 22. Nb5 Qb8 23. Rd1 Be7 24. a5 Ka6 25. c4 bxa5 26. b4 Ng3 27. hxg3 hxg3
28. Qxg3 Nf6 29. Ng5 Nxe4 30. Nxe4 Rh1+ 31. Kf2 Bh4 32. Rxh1 Bxg3+ 33. Kxg3 1-0

[Event "3.Nord-West-Cup"]
[Site "?"]
[Date "2001.02.03"]
[Round "5"]
[White "Da Costa, Martin"]
[Black "Wittje, Berthold"]
[Result "0-1"]
[WhiteElo "1994"]
[BlackElo "2216"]
[PlyCount "58"]

1. Nf3 Nf6 2. g3 d5 3. Bg2 e6 4. O-O Be7 5. d4 O-O 6. c4 dxc4 7. Qc2 a6 8. a4
Bd7 9. Ne5 Bc6 10. Nxc6 Nxc6 11. Bxc6 bxc6 12. Rd1 Qd5 13. Nc3 Qh5 14. e4 e5
15. Kg2 Rad8 16. Be3 Ng4 17. h3 Nxe3+ 18. fxe3 Bg5 19. Qf2 Qh6 20. Re1 Bxe3 21.
Qxe3 Qxe3 22. Rxe3 exd4 23. Rf3 dxc3 24. Rxc3 Rd4 25. Rac1 Rb8 26. Rxc4 Rxb2+
27. Kf3 Rd3+ 28. Kf4 Rf2+ 29. Ke5 Rd6 0-1

[Event "3.Nord-West-Cup"]
[Site "?"]
[Date "2001.02.03"]
[Round "5"]
[White "Alich, Bjoern"]
[Black "Kolthoff, Siegmund"]
[Result "0-1"]
[WhiteElo "1843"]
[BlackElo "2195"]
[PlyCount "68"]

1. d4 d5 2. Nf3 c6 3. e3 Nf6 4. Bd3 g6 5. O-O Bg7 6. Nbd2 O-O 7. b3 a5 8. c4
Na6 9. Bb2 Be6 10. Ng5 Bg4 11. f3 Bd7 12. a3 c5 13. Re1 h6 14. Nh3 Bxh3 15.
gxh3 e6 16. dxc5 Nxc5 17. Bf1 Nh5 18. Bxg7 Nxg7 19. b4 Nd7 20. Kh1 axb4 21.
axb4 Qh4 22. e4 d4 23. e5 Nf5 24. Rxa8 Rxa8 25. Re4 Qe7 26. c5 Ne3 27. Qb1 Nd5
28. Qb2 Ra4 29. Rxd4 Nxe5 30. Bb5 Ra8 31. f4 Nc6 32. Bxc6 bxc6 33. Ne4 Qh4 34.
Rxd5 Qe1+ 0-1

[Event "3.Nord-West-Cup"]
[Site "?"]
[Date "2001.02.03"]
[Round "5"]
[White "Schneider, Ilja"]
[Black "Roth, Stefan"]
[Result "1-0"]
[WhiteElo "2132"]
[BlackElo "2062"]
[PlyCount "39"]

1. e4 g6 2. d4 Bg7 3. Nf3 c6 4. Be2 d5 5. exd5 cxd5 6. O-O Bg4 7. Bf4 Qb6 8.
Nc3 Bxf3 9. Bxf3 Nf6 10. Nxd5 Nxd5 11. Bxd5 Bxd4 12. Qf3 Nd7 13. c3 Bf6 14.
Rfe1 Qxb2 15. Bxb7 Rd8 16. Bc7 Qxc3 17. Bxd8 Qxf3 18. gxf3 Bxa1 19. Bxe7 Bg7
20. Bc6 1-0

[Event "3.Nord-West-Cup"]
[Site "?"]
[Date "2001.02.03"]
[Round "5"]
[White "Schmitz-Jordan, Juergen"]
[Black "Eickhoff, Hermann"]
[Result "1/2-1/2"]
[WhiteElo "2001"]
[BlackElo "2094"]
[PlyCount "94"]

1. d4 Nf6 2. Nf3 d5 3. g3 g6 4. Bg2 Bg7 5. O-O O-O 6. c4 c6 7. cxd5 cxd5 8. Nc3
Nc6 9. Bf4 Nh5 10. Bg5 h6 11. Bd2 Nf6 12. Rc1 Bg4 13. Qa4 Ne4 14. Be3 Bd7 15.
Qb3 e6 16. Nxe4 dxe4 17. Nd2 f5 18. Rfd1 Kh7 19. Nc4 b5 20. Na3 Ne7 21. f3 exf3
22. Bxf3 Rc8 23. Rxc8 Qxc8 24. Nxb5 Qa6 25. Nc7 Qd6 26. Nb5 Qb6 27. Nc3 Qxb3
28. axb3 Rb8 29. Ra1 Nc6 30. Bxc6 Bxc6 31. Rxa7 Rxb3 32. d5 exd5 33. Bd4 Rb7
34. Rxb7 Bxb7 35. Bxg7 Kxg7 36. Kf2 Kf6 37. Ke3 Ke5 38. Nb5 g5 39. Kf2 d4 40.
e3 dxe3+ 41. Kxe3 f4+ 42. Kf2 Be4 43. Nc3 Bb7 44. b4 f3 45. Nd1 Kd4 46. Ne3 Kc3
47. Nf5 Kxb4 1/2-1/2

[Event "3.Nord-West-Cup"]
[Site "?"]
[Date "2001.02.03"]
[Round "5"]
[White "Wiertzema, Michael"]
[Black "Pericic, Boris"]
[Result "1/2-1/2"]
[WhiteElo "2187"]
[BlackElo "1866"]
[PlyCount "108"]

1. Nf3 Nf6 2. g3 g6 3. Bg2 Bg7 4. d3 d6 5. c4 Nbd7 6. Nc3 O-O 7. Rb1 e5 8. e4
Ne8 9. O-O f5 10. exf5 gxf5 11. Ng5 Ndf6 12. d4 Bd7 13. dxe5 dxe5 14. Bxb7 Nd6
15. Bg2 e4 16. c5 Nf7 17. b4 Ne5 18. Qb3+ Kh8 19. Ne6 Bxe6 20. Qxe6 Nfg4 21.
Nd5 Re8 22. Qxf5 Qxd5 23. Bxe4 Nf3+ 24. Qxf3 Rxe4 25. Bf4 Qh5 26. h4 Qf5 27.
Kg2 Rae8 28. Bxc7 Qxf3+ 29. Kxf3 Nh2+ 30. Kg2 Nxf1 31. Kxf1 Re2 32. Bf4 Bd4 33.
Be3 Bxe3 34. Kxe2 Bxc5+ 35. Kf1 Bb6 36. a4 Kg7 37. a5 Bd4 38. Rc1 Bf6 39. b5
Re7 40. b6 axb6 41. axb6 Be5 42. f4 Bd4 43. Rc7 Kf7 44. Rxe7+ Kxe7 45. b7 Ba7
46. Ke2 Kd6 47. Kd3 Kc7 48. g4 Kxb7 49. g5 Kc6 50. h5 Kd5 51. f5 Ke5 52. f6 Bc5
53. g6 hxg6 54. hxg6 Kxf6 1/2-1/2

[Event "3.Nord-West-Cup"]
[Site "?"]
[Date "2001.02.03"]
[Round "5"]
[White "Nikolic, Stanimir"]
[Black "Polenz, Fredrik"]
[Result "1-0"]
[WhiteElo "2348"]
[BlackElo "1946"]
[PlyCount "59"]

1. e4 d6 2. d4 Nf6 3. Nc3 e5 4. dxe5 dxe5 5. Qxd8+ Kxd8 6. Bg5 Be6 7. O-O-O+
Nbd7 8. a3 Bd6 9. f3 Ke7 10. Nb5 Rhb8 11. Ne2 a6 12. Nxd6 cxd6 13. Nc3 b5 14.
Be2 b4 15. axb4 Rxb4 16. b3 Nc5 17. Be3 Nfd7 18. Kd2 Rc8 19. Rb1 f6 20. Rhd1
Rc6 21. Ke1 Nxb3 22. cxb3 Rxc3 23. Bd2 Rbxb3 24. Bxc3 Rxc3 25. Bxa6 Nc5 26. Rb6
Rc2 27. Be2 Nb3 28. Rb7+ Kf8 29. Rxd6 Nd4 30. Rd8# 1-0

[Event "3.Nord-West-Cup"]
[Site "?"]
[Date "2001.02.04"]
[Round "6"]
[White "Meijers, Viesturs"]
[Black "Gaprindashvili, Valerian"]
[Result "1/2-1/2"]
[WhiteElo "2478"]
[BlackElo "2459"]
[PlyCount "30"]

1. e4 e6 2. d4 d5 3. exd5 exd5 4. Nf3 Nf6 5. c4 Bb4+ 6. Nc3 O-O 7. Bd3 dxc4 8.
Bxc4 c5 9. a3 Re8+ 10. Ne5 Bxc3+ 11. bxc3 Be6 12. Bb5 Bd7 13. Bc4 Be6 14. Bb5
Bd7 15. Bc4 Be6 1/2-1/2

[Event "3.Nord-West-Cup"]
[Site "?"]
[Date "2001.02.04"]
[Round "6"]
[White "Miezis, Normunds"]
[Black "Lingnau, Carsten"]
[Result "1-0"]
[WhiteElo "2524"]
[BlackElo "2421"]
[PlyCount "93"]

1. c4 e6 2. e4 d5 3. exd5 exd5 4. d4 Nf6 5. Nf3 dxc4 6. Bxc4 Bd6 7. O-O O-O 8.
Re1 Nc6 9. h3 h6 10. Nc3 Bf5 11. Bd2 Nb4 12. Rc1 Bd3 13. Bb3 Bh7 14. Ne5 c6 15.
a3 Nbd5 16. Qf3 Bc7 17. Na4 Rb8 18. Nc5 Qd6 19. g3 Qd8 20. Ba2 Bb6 21. b4 a5
22. bxa5 Bxa5 23. Bxa5 Qxa5 24. Nxb7 Rxb7 25. Nxc6 Qd2 26. Bxd5 Nxd5 27. Qxd5
Rb2 28. Qf3 Be4 29. Ne7+ Kh8 30. Qe3 Ba8 31. Rcd1 Qc2 32. d5 Rd8 33. Qf4 f6 34.
h4 Ra2 35. Rc1 Qd2 36. Qf5 Rxa3 37. Rcd1 Qb2 38. h5 Ra2 39. Re3 Ra1 40. Rxa1
Qxa1+ 41. Kg2 Qb2 42. Ng6+ Kg8 43. Qe6+ Kh7 44. Qf5 Kg8 45. Ne7+ Kh8 46. Re6
Qd2 47. Rxf6 1-0

[Event "3.Nord-West-Cup"]
[Site "?"]
[Date "2001.02.04"]
[Round "6"]
[White "Hoffmann, Alexander"]
[Black "Gutman, Lev"]
[Result "1/2-1/2"]
[WhiteElo "2421"]
[BlackElo "2547"]
[PlyCount "65"]

1. d4 Nf6 2. c4 g6 3. g3 Bg7 4. Bg2 O-O 5. Nc3 Nc6 6. Nf3 d5 7. Ne5 dxc4 8.
Nxc6 bxc6 9. O-O Nd5 10. Qa4 Nb6 11. Qxc6 Rb8 12. Bf4 Bb7 13. Qxc7 Bxg2 14.
Kxg2 Qxc7 15. Bxc7 Rb7 16. Be5 Bxe5 17. dxe5 Nd7 18. e6 fxe6 19. Rfd1 Nb6 20.
Rd2 Rf5 21. Rc1 Kf7 22. Nd1 Rd5 23. Rdc2 Ra5 24. a3 e5 25. Ne3 Ke6 26. h4 h5
27. f3 Rb5 28. Kf2 Rd7 29. Nxc4 Nxc4 30. Rxc4 Rxb2 31. R1c3 Rb5 32. Ra4 a5 33.
Rac4 1/2-1/2

[Event "3.Nord-West-Cup"]
[Site "?"]
[Date "2001.02.04"]
[Round "6"]
[White "Tseitlin, Mikhail S"]
[Black "Pikula, Dejan"]
[Result "1/2-1/2"]
[WhiteElo "2431"]
[BlackElo "2507"]
[PlyCount "51"]

1. Nf3 g6 2. d4 Nf6 3. Bg5 Bg7 4. Nbd2 O-O 5. c3 d6 6. e3 h6 7. Bh4 Qe8 8. Bc4
e5 9. O-O Kh8 10. dxe5 dxe5 11. e4 Nh5 12. Re1 Nc6 13. a4 Nf4 14. Qc2 Bd7 15.
a5 a6 16. b4 Nd8 17. Bb3 Nde6 18. Nc4 f6 19. Ne3 Ng5 20. Nd2 Rd8 21. Bg3 Nge6
22. Nf3 Bc6 23. Rad1 Rxd1 24. Rxd1 h5 25. Nd5 Bh6 26. Ne1 1/2-1/2

[Event "3.Nord-West-Cup"]
[Site "?"]
[Date "2001.02.04"]
[Round "6"]
[White "Lanka, Zigurds"]
[Black "Khamrakulov, Ibragim S"]
[Result "0-1"]
[WhiteElo "2504"]
[BlackElo "2359"]
[PlyCount "84"]

1. e4 c5 2. Nf3 Nc6 3. d4 cxd4 4. Nxd4 Qc7 5. Nc3 e6 6. Be2 a6 7. a3 Nf6 8. f4
d6 9. Be3 Be7 10. g4 h6 11. h4 Nxd4 12. Qxd4 e5 13. Qd2 Bxg4 14. Bxg4 Nxg4 15.
O-O-O Nxe3 16. Qxe3 exf4 17. Qxf4 Rc8 18. Rd2 d5 19. Qg4 O-O 20. Nxd5 Qc5 21.
e5 f5 22. Qg2 Rce8 23. Rg1 g5 24. b4 Qc4 25. Kb1 g4 26. Ne3 Qe6 27. Qxb7 Qxe5
28. Nd5 Bxh4 29. Qxa6 Bg5 30. Rdd1 g3 31. Qg6+ Kh8 32. Rh1 Qg7 33. Qh5 f4 34.
Qf3 Qe5 35. Ka2 Kh7 36. Nc3 Qf5 37. Kb1 Re3 38. Qc6 g2 39. Rd7+ Rf7 40. Rxf7+
Qxf7 41. Qxg2 f3 42. Qd2 f2 0-1

[Event "3.Nord-West-Cup"]
[Site "?"]
[Date "2001.02.04"]
[Round "6"]
[White "Jugelt, Tobias"]
[Black "Mainka, Romuald"]
[Result "1/2-1/2"]
[WhiteElo "2386"]
[BlackElo "2482"]
[PlyCount "100"]

1. d4 Nf6 2. Bg5 e6 3. Nd2 h6 4. Bh4 d6 5. e3 Nc6 6. c3 g6 7. Bd3 Bg7 8. Qe2 a6
9. O-O-O Qe7 10. Kb1 e5 11. dxe5 Nxe5 12. Bc2 g5 13. Bg3 Bd7 14. Ngf3 Nxf3 15.
Nxf3 Ne4 16. Qc4 Nxg3 17. hxg3 O-O-O 18. Nd4 Qf6 19. Rd2 Rhe8 20. e4 Re5 21.
Nf3 Re7 22. Rhd1 Qe6 23. Qb4 Bc6 24. Nd4 Bxd4 25. Rxd4 Qf6 26. f3 h5 27. R4d2
Qe5 28. Qd4 Qxg3 29. Qa7 h4 30. c4 b6 31. c5 bxc5 32. Bd3 Kd7 33. Qxa6 Ra8 34.
Qc4 Qe5 35. Bc2 Qe6 36. Qxc5 Qxa2+ 37. Kc1 Re6 38. e5 Qa1+ 39. Bb1 Ra5 40.
Rxd6+ cxd6 41. Rxd6+ Rxd6 42. Qxd6+ Ke8 43. Qxc6+ Kf8 44. Qd6+ Ke8 45. Qc6+ Kd8
46. Qd6+ Ke8 47. Qb8+ Ke7 48. Qc7+ Ke8 49. Qc8+ Ke7 50. Qc7+ Ke8 1/2-1/2

[Event "3.Nord-West-Cup"]
[Site "?"]
[Date "2001.02.04"]
[Round "6"]
[White "Jobava, Baadur"]
[Black "Vasiljevic, Dragan"]
[Result "1-0"]
[WhiteElo "2480"]
[BlackElo "2339"]
[PlyCount "66"]

1. d4 Nf6 2. c4 e6 3. Nc3 d5 4. Bg5 Be7 5. e3 Ne4 6. Bxe7 Qxe7 7. Nge2 Nf6 8.
Ng3 O-O 9. cxd5 exd5 10. Bd3 c6 11. O-O Rd8 12. Rc1 g6 13. Re1 Nbd7 14. a3 Nf8
15. Bf1 h5 16. f3 h4 17. Nh1 Ne6 18. Nf2 b6 19. Nd3 Bb7 20. Qd2 c5 21. Qf2 Nh5
22. f4 Nhg7 23. Ne5 cxd4 24. exd4 Qf6 25. Nb5 a6 26. Ng4 Qxf4 27. Qxf4 Nxf4 28.
Rc7 Ne8 29. Rxb7 axb5 30. Ree7 Nd6 31. Nh6+ Kg7 32. Nxf7 Kf6 33. Nxd8 Rxd8 1-0

[Event "3.Nord-West-Cup"]
[Site "?"]
[Date "2001.02.04"]
[Round "6"]
[White "Enders, Peter"]
[Black "Wolter, Kai"]
[Result "1-0"]
[WhiteElo "2475"]
[BlackElo "2286"]
[PlyCount "81"]

1. e4 c5 2. Nf3 e6 3. b3 b6 4. Bb2 Bb7 5. Qe2 d6 6. d4 cxd4 7. Nxd4 Nf6 8. Nd2
a6 9. O-O-O Nbd7 10. g4 h6 11. Bg2 Qc7 12. Kb1 Rc8 13. Rc1 g5 14. h4 Rg8 15.
hxg5 hxg5 16. Rh3 Ne5 17. Rc3 Qd8 18. Rxc8 Qxc8 19. f3 Be7 20. Rh1 Nfd7 21. Bf1
Nf8 22. Nc4 Nxc4 23. Qxc4 Qxc4 24. Bxc4 Ng6 25. Rh7 Nf4 26. Ne2 d5 27. Nxf4
gxf4 28. exd5 exd5 29. Bd3 Bc5 30. Be5 Be3 31. a4 Ke7 32. Rh6 a5 33. Bd6+ Kd7
34. Bb5+ Kd8 35. Rh7 Kc8 36. Rxf7 Rd8 37. Bxf4 Bxf4 38. Rxf4 d4 39. Rf6 Rh8 40.
g5 Rh1+ 41. Kb2 1-0

[Event "3.Nord-West-Cup"]
[Site "?"]
[Date "2001.02.04"]
[Round "6"]
[White "Hermann, Manfred"]
[Black "Meins, Gerlef"]
[Result "1/2-1/2"]
[WhiteElo "2351"]
[BlackElo "2426"]
[PlyCount "53"]

1. e4 c5 2. c3 d5 3. exd5 Qxd5 4. d4 Nc6 5. Nf3 Bg4 6. Be2 cxd4 7. cxd4 e6 8.
Nc3 Qa5 9. h3 Bh5 10. d5 exd5 11. Nd4 Bxe2 12. Qxe2+ Be7 13. Nxc6 bxc6 14. O-O
Nf6 15. Bg5 Kf8 16. Rfe1 Re8 17. Bxf6 gxf6 18. Qh5 h6 19. a3 Bd6 20. Rxe8+ Kxe8
21. Qg4 Qd8 22. Re1+ Kf8 23. Qa4 Qb6 24. Nxd5 cxd5 25. Re8+ Kg7 26. Qg4+ Kh7
27. Qf5+ 1/2-1/2

[Event "3.Nord-West-Cup"]
[Site "?"]
[Date "2001.02.04"]
[Round "6"]
[White "Hedke, Fred"]
[Black "Schneider, Ilja"]
[Result "1-0"]
[WhiteElo "2347"]
[BlackElo "2132"]
[PlyCount "67"]

1. e4 g6 2. d4 Bg7 3. Nc3 c5 4. dxc5 Qa5 5. Bd2 Qxc5 6. Nf3 Nf6 7. Bd3 O-O 8.
O-O d6 9. h3 a6 10. Qe2 Nbd7 11. Rfe1 e5 12. Bc4 b5 13. Bd5 Rb8 14. Be3 Qc7 15.
a3 Nc5 16. Red1 b4 17. axb4 Rxb4 18. Bxc5 Qxc5 19. Ra2 Nh5 20. Qe3 Qc7 21. b3
Nf4 22. Bc4 Bh6 23. Nd5 Nxd5 24. Qxh6 Rxc4 25. exd5 Rc3 26. Ng5 f6 27. Ne4 Rc4
28. bxc4 Qxc4 29. Rb2 Qxe4 30. Qe3 Qa4 31. Qb6 Qd7 32. Qc6 Qf5 33. Qxd6 Qg5 34.
Rb8 1-0

[Event "3.Nord-West-Cup"]
[Site "?"]
[Date "2001.02.04"]
[Round "6"]
[White "Wippermann, Till"]
[Black "Wittje, Berthold"]
[Result "0-1"]
[WhiteElo "2306"]
[BlackElo "2216"]
[PlyCount "117"]

1. e4 Nf6 2. Nc3 e5 3. Bc4 Nxe4 4. Qh5 Nd6 5. Bb3 Nc6 6. Nb5 g6 7. Qf3 f5 8.
Qd5 Qf6 9. Nxc7+ Kd8 10. Nxa8 b6 11. d3 Bb7 12. h4 Ne7 13. Bg5 Nxd5 14. Bxf6+
Nxf6 15. Nxb6 axb6 16. f3 e4 17. dxe4 fxe4 18. O-O-O Kc7 19. Rh3 Bg7 20. fxe4
Ndxe4 21. Rhd3 Nc5 22. Rd4 Bxg2 23. Kb1 Re8 24. Ba4 Nxa4 25. Rxa4 Re4 26. Rad4
Rxd4 27. Rxd4 d5 28. Ne2 Be4 29. Nc3 Kc6 30. Ra4 Bf5 31. Ra7 Nd7 32. a4 Bxc3
33. bxc3 h5 34. a5 bxa5 35. Rxa5 Ne5 36. Ra6+ Kb5 37. Rd6 Kc5 38. Ra6 Nf3 39.
Ra5+ Kb6 40. Rxd5 Nxh4 41. Kc1 Ng2 42. Kd2 h4 43. Rd8 h3 44. c4 Nf4 45. Ke3 Nh5
46. Kf2 Kc5 47. Kg1 Kxc4 48. Kh2 Kc3 49. Rd6 Nf4 50. Kg3 Ne2+ 51. Kh2 g5 52.
Rd5 Nd4 53. Rc5+ Kb4 54. Rc7 Nxc2 55. Rf7 Nd4 56. Rc7 g4 57. Rf7 Kc4 58. Re7
Kd3 59. Re5 0-1

[Event "3.Nord-West-Cup"]
[Site "?"]
[Date "2001.02.04"]
[Round "6"]
[White "Kolthoff, Siegmund"]
[Black "Zschischang, Gunnar"]
[Result "1/2-1/2"]
[WhiteElo "2195"]
[BlackElo "2237"]
[PlyCount "57"]

1. d4 Nc6 2. Nf3 d6 3. d5 Nb8 4. e4 e5 5. dxe6 Bxe6 6. Nd4 Bd7 7. Bd3 Be7 8.
O-O Bf6 9. Ne2 Nc6 10. c4 Nge7 11. Nbc3 Ne5 12. Be3 Ng4 13. Bd2 Ne5 14. Qc2
N7c6 15. Nd5 Nxd3 16. Qxd3 Ne5 17. Qc2 O-O 18. Bc3 Ng4 19. Rad1 Be5 20. Bxe5
dxe5 21. h3 Nh6 22. Ng3 c6 23. Ne3 Qe7 24. c5 Be6 25. Rd6 f6 26. Rfd1 g6 27. b4
Nf7 28. R6d2 Rad8 29. Nc4 1/2-1/2

[Event "3.Nord-West-Cup"]
[Site "?"]
[Date "2001.02.04"]
[Round "6"]
[White "Neurohr, Juergen"]
[Black "Nikolic, Stanimir"]
[Result "0-1"]
[WhiteElo "2085"]
[BlackElo "2348"]
[PlyCount "46"]

1. d4 d5 2. c4 e6 3. Nc3 Be7 4. cxd5 exd5 5. Bf4 c6 6. Qc2 Nf6 7. e3 Nbd7 8.
Bd3 Nf8 9. Nf3 Bg4 10. Ne5 Be6 11. O-O Ng6 12. Bg5 Nxe5 13. dxe5 Ng4 14. Bf4 g5
15. Bg3 h5 16. h3 h4 17. hxg4 hxg3 18. fxg3 Qb8 19. Qb3 Qxe5 20. Qxb7 Qxe3+ 21.
Rf2 Rc8 22. Bf5 Bc5 23. Raf1 Qxg3 0-1